000 00515nam a2200181 i 4500
001 81245
003 ES-MaACL
005 20230906174411.0
007 t|
008 041103s1902 sp ||||1| spa d
100 1 _aHuder Lasala, Serafín.
_964517
245 1 0 _aTratamiento del tracoma
_b: tésis del doctorado /
_cSerafín Huder Lasala.
260 _aPamplona :
_bA. Aztarain,
_c1902.
300 _a41 p. ;
_c21 cm.
502 _aTesis doctoral.
650 4 _aTracoma.
_9151069
852 _aES-MaACL
_jT-1049-F-6
999 _c81245
_d81245